000 00857nam a2200265 a 4500
001 65302
003 BD-RjUL
005 20211209081416.0
008 170304s1967 enk 000 0 eng
020 _a0304927066
035 _a(BD-RjUL)65432
040 _aDLC
_cFMFIU
_dBD-RjUL
_beng
041 1 _aengper
082 _223
_a891.5511
_bOMR 1967
100 0 _aOmar Khayyam.
_9193281
245 1 4 _aThe Rubaiyyat of Omar Khayaam :
_ba new translation with critical commentaries by Robert Graves and Omar Ali-Shah /
_cRobert Graves and Omar Ali-Shah.
260 _aLondon :
_bCassell
_c1967.
300 _a86 p. ;
_c23 cm.
504 _aIncludes bibliography
600 _aOmar Khayyam
_9193288
700 1 _aGraves, Robert,
_d1895-1985,
_eed. and tr.
_9188580
700 2 _aAli-Shah, Omar,
_eed. and tr.
_9193282
942 _2ddc
_cBK
999 _c65302
_d65302